Pokémon aléatoires avec des lettres manquantes - Statistiques

Statistiques générales
  • Ce quiz a été pris 658 fois
  • Le résultat moyen est 8 sur 20
Statistiques - réponses
Indice Pokémon % Correct
M_W Mew
100%
_N_X Onix
95%
R_N_O_D_U Rondoudou
95%
P_Y_O_W_K Psykokwak
91%
D_D_O Doduo
90%
K_B_T_P_ Kabutops
90%
M_W_W_ Mewtwo
90%
R_F_L_S_A Rafflesia
90%
_K_A_W_K Akwakwak
89%
A_B_K Arbok
89%
D_A_A_F_U Dracaufeu
89%
M. _I_E M. Mime
89%
É_O_I Évoli
88%
_R_B_O_S Krabboss
87%
A_O Abo
86%
G_L_P_ Galopa
86%
K_D_B_A Kadabra
86%
K_A_B_S_ Krabboss
86%
N_D_R_N_ Nidorina | Nidorino
86%
_L_K_Z_M Alakazam
85%
_V_L_ Évoli
84%
P_P_L_S_O_ Papilusion
84%
S_P_R_F_K Soporifik
84%
N_D_K_N_ Nidoking
83%
R_C_I_L_U Racaillou
83%
A_T_K_D_N Artikodin
81%
P_K_C_U Pikachu
81%
A_P_C_T Aspicot
80%
C_L_S_I_G_ Colossinge
80%
N_D_Q_E_N Nidoqueen
80%
_I_F_B_C Piafabec
80%
N_E_N_E_F Noeunoeuf
79%
C_U_T_B_I Crustabri
78%
L_V_I_A_D Leveinard
78%
_A_T_T_C Rattatac
78%
_B_ Abo
76%
C_R_B_F_E Carabaffe
76%
_R_T_D_O_V Grotadmorv
76%
I_S_C_T_U_ Insécateur
76%
L_P_O_T_U Lippoutou
76%
M_L_F_E Mélofée
76%
T_D_O_V Tadmorv
76%
N_D_R_N Nidoran
75%
_A_A_D_P_C Rapasdepic
75%
R_T_A_A_ Rattatac
75%
R_N_L_X Ronflex
75%
É_E_T_K Élektek
74%
P_R_S Paras
74%
M_C_O_E_R Machopeur
73%
_. M_M_ M. Mime
72%
C_N_N_S Caninos
71%
G_O_O_D_U Grodoudou
71%
M_T_M_R_H Métamorph
71%
S_B_L_T_E Sabelette
71%
_B_A Abra
69%
A_W_K_A_ Akwakwak
68%
E_T_P_A_M_ Ectoplasma
68%
M_G_C_R_E Magicarpe
68%
P_R_G_N Porygon
68%
S_L_M_C_E Salamèche
68%
_A_P_Q_E_R Taupiqueur
68%
A_C_N_N Arcanin
67%
_O_H_A_S Lokhlass
67%
P_N_T_ Ponyta
67%
R_T_A_A Rattata
67%
V_L_A_I Voltali
66%
M_L_D_L_E Mélodelfe
65%
M_A_U_S Miaouss
64%
M_M_T_S_ Mimitoss
64%
N_A_K_K_ Noadkoko
64%
N_S_E_A_T_ Nosferapti | Nosferalto
64%
R_U_O_L Roucool
64%
V_L_O_B_ Voltorbe
64%
A_R_M_T_ Aéromite
63%
B_L_I_A_R_ Bulbizarre
63%
H_P_C_A_ Hypocéan
63%
K_B_T_ Kabuto
63%
L_K_L_S_ Lokhlass
63%
D_D_I_ Dodrio
62%
_R_V_L_N_H Gravalanch
61%
_E_B_Z_R_E Herbizarre
61%
M_N_D_A_O Minidraco
61%
P_É_A Ptéra
61%
R_P_S_E_I_ Rapasdepic
61%
_U_B_Z_R_E Bulbizarre
60%
O_S_T_E_R Ossatueur
60%
C_R_P_C_ Carapuce
59%
D_A_O_O_S_ Dracolosse
59%
K_C_L_E Kicklee
59%
M_G_É_I Magnéti
59%
F_O_I_A_R_ Florizarre
58%
M_G_É_O_ Magnéton
58%
P_I_A_D Ptitard
58%
R_P_I_C_L Reptincel
57%
K_N_O_R_X Kangourex
56%
L_V_A_O_ Léviator
56%
O_T_D_ Ortide
56%
R_M_L_S_ Ramoloss
56%
S_O_O_O Smogogo
56%
B_U_T_F_O_ Boustiflor
55%
A_A_A_A_ Alakazam
54%
É_E_T_O_E Électrode
54%
G_O_A_M_R_ Grotadmorv
54%
K_A_B_ Krabby
54%
F_A_A_O_S Flagadoss
53%
H_P_T_E_P_ Hypotrempe
53%
K_K_Y_S Kokiyas
53%
_E_ Mew
53%
P_R_L_ Pyroli
53%
T_R_A_D Tartard
53%
T_I_P_K_U_ Triopikeur
53%
_H_T_F_O_ Chétiflor
52%
D_A_O Draco
52%
F_U_A_D Feunard
52%
_O_P_X Goupix
52%
G_O_E_ Grolem
52%
S_A_I Stari
52%
A_R_ Abra
50%
C_N_R_I_H_ Canarticho
50%
É_E_T_O_ Électhor
50%
_I_P_U_O_ Lippoutou
50%
P_I_S_R_Y Poissoroy
50%
R_I_O_É_O_ Rhinoféros
50%
T_R_A_K Tortank
50%
G_A_A_A_C_ Gravalanch
48%
_A_A_È_H_ Salamèche
48%
C_É_I_L_R Chétiflor
47%
P_I_S_R_N_ Poissirène
47%
_A_T_T_ Rattata
47%
T_T_R_E Têtarte
46%
A_O_I_T_R Amonistar
45%
_É_O_E_F_ Mélodelfe
45%
O_I_ Onix
44%
_E_T_C_U_L Tentacruel
44%
P_R_S_C_ Parasect
43%
_M_G_G_ Smogogo
43%
_R_B_Y Krabby
42%
M_C_O_ Machoc
42%
P_A_A_E_ Piafabec
42%
_O_D_U_O_ Rondoudou
42%
S_B_A_R_A_ Sablaireau
42%
T_N_A_O_L Tentacool
42%
_H_N_P_N Chenipan
41%
_X_E_A_G_E Excelangue
41%
_A_H_C Machoc
41%
O_S_L_I_ Osselait
41%
_M_N_T_ Amonita
40%
_A_A_A_F_ Carabaffe
40%
R_I_O_O_N_ Rhinocorne
40%
S_O_O Smogo
40%
T_U_O_ Tauros
40%
R_U_A_N_G_ Roucarnage
39%
_R_C_L_S_E Dracolosse
38%
_A_A_T_C_O Canarticho
37%
F_R_S_N_E Férosinge
37%
H_P_O_A_E Hypnomade
36%
_I_I_O_S Mimitoss
36%
_L_R_Z_R_E Florizarre
35%
M_C_O_N_U_ Mackogneur
35%
_É_O_É_ Mélofée
35%
R_U_O_P_ Roucoups
35%
S_E_T_U_ Spectrum
35%
S_A_O_S Staross
35%
_C_R_B_U_E Scarabrute
34%
_O_F_R_P_I Nosferapti
33%
O_A_I_ Otaria
33%
S_Q_E_E_E_ Saquedeneu
33%
_Q_A_I Aquali
32%
D_R_A_G_A_ Dardargnan
32%
_E_T_O Mewtwo
32%
_A_U_D_N_U Saquedeneu
32%
S_L_U_A Sulfura
32%
E_P_F_O_ Empiflor
31%
C_C_N_O_T Coconfort
30%
M_G_A_ Magmar
30%
_A_O_O_S Ramoloss
30%
_H_N_F_R_S Rhinoféros
30%
_U_F_R_ Sulfura
30%
_M_N_S_A_ Amonistar
29%
_H_Y_A_I_R Chrysacier
29%
_O_Y_A Ponyta
29%
T_G_O_ Tygnon
29%
_A_T_M_N_S Fantominus
28%
_O_O_S_N_E Colossinge
26%
M_S_H_R_E Mystherbe
26%
_S_A_U_U_ Ossatueur
26%
_Y_O_I Pyroli
26%
_Y_N_N Tygnon
26%
A_U_L_ Aquali
25%
F_N_O_I_U_ Fantominus
25%
_L_G_D_S_ Flagadoss
25%
_Y_N_M_D_ Hypnomade
25%
_A_U_O Kabuto
25%
_S_K_K_A_ Psykokwak
25%
_T_R_ Stari | Ptéra
25%
_O_R_O Dodrio
24%
L_M_N_I_E Lamantine
24%
_A_K_G_E_R Mackogneur
24%
_E_T_C_O_ Tentacool
24%
P_R_I_N Persian
23%
_A_O_A Galopa
22%
_N_É_A_E_R Insécateur
22%
_A_C_U Raichu
22%
S_A_A_R_T_ Scarabrute
22%
_L_K_E_ Élektek
21%
E_C_L_N_U_ Excelangue
21%
_Ê_A_T_ Têtarte
21%
_O_S_I_L_R Boustiflor
20%
_R_C_ Draco
20%
_A_A_R_ Kadabra
20%
_Y_T_E_B_ Mystherbe
20%
_T_R_A Otaria
20%
T_U_I_U_U_ Taupiqueur
20%
_M_G_ Smogo
19%
_O_T_L_ Voltali
19%
A_O_I_A Amonita
18%
_Y_O_É_N Hypocéan
18%
_É_I_T_R Léviator
18%
_O_S_I_È_E Poissirène
18%
_L_C_R_D_ Électrode
17%
_E_N_R_ Feunard
17%
_R_L_M Grolem
17%
_O_F_R_L_O Nosferalto
17%
_R_I_E Ortide
17%
R_I_H_ Raichu
17%
_L_C_H_R Électhor
16%
_O_Y_O_ Porygon
16%
_A_M_R Magmar
15%
_I_O_S_ Miaouss
15%
_A_F_E_I_ Rafflesia
15%
T_N_A_R_E_ Tentacruel
15%
_A_N_T_ Magnéti
14%
C_R_S_C_E_ Chrysacier
13%
_O_O_F_R_ Coconfort
13%
_R_C_U_E_ Dracaufeu
13%
H_R_I_A_R_ Herbizarre
13%
_A_H_P_U_ Machopeur
13%
_É_A_O_P_ Métamorph
13%
_I_O_I_A Nidorina
13%
_H_N_C_R_E Rhinocorne
13%
_O_C_O_ Roucool
13%
_T_R_S_ Staross
13%
_O_D_O_O Noadkoko
12%
_O_S_O_O_ Poissoroy
12%
_O_F_E_ Ronflex
12%
_R_O_ Arbok
11%
_R_A_I_ Arcanin
11%
_A_A_U_E Carapuce
11%
_I_O_I_G Nidoking
11%
_S_E_A_T Osselait
11%
_I_A_H_ Pikachu
11%
_A_T_R_ Tartard
11%
G_U_I_ Goupix
10%
_A_I_A_P_ Magicarpe
10%
_S_I_O_ Aspicot
9%
_O_I_A_ Kokiyas
9%
_I_O_U_E_ Nidoqueen
9%
_I_O_I_O Nidorino
9%
_A_A_ Paras
9%
_O_C_R_A_E Roucarnage
9%
_P_C_R_M Spectrum
9%
C_E_I_A_ Chenipan
8%
_A_U_O_S Kabutops
8%
_A_N_T_N Magnéton
8%
_E_S_A_ Persian
8%
_O_C_U_S Roucoups
8%
_R_S_A_R_ Crustabri
7%
_É_O_I_G_ Férosinge
7%
_A_I_O_ Caninos
6%
_M_I_L_R Empiflor
6%
_I_K_E_ Kicklee
6%
_E_E_N_R_ Leveinard
6%
_I_O_A_ Nidoran
6%
_A_A_E_T Parasect
6%
_R_I_O_I_ Artikodin
5%
_O_U_ Doduo
5%
_Y_O_R_M_E Hypotrempe
5%
_A_A_T_N_ Lamantine
5%
_O_U_O_U_ Noeunoeuf
5%
_T_T_R Ptitard
5%
_A_A_L_O_ Racaillou
5%
_A_R_S Tauros
5%
_R_D_U_O_ Grodoudou
4%
_A_I_U_I_N Papilusion
4%
_E_T_N_E_ Reptincel
3%
_A_E_E_T_ Sabelette
3%
_R_O_I_E_R Triopikeur
3%
_É_O_I_E Aéromite
0%
_A_D_R_N_N Dardagnan
0%
_C_O_L_S_A Ectosplasma
0%
_A_G_U_E_ Kangourex
0%
_I_I_R_C_ Minidraco
0%
_A_L_I_E_U Sablaireau
0%
_O_O_I_I_ Soporifik
0%
_A_M_R_ Tadmorv
0%
_O_T_N_ Tortank
0%
_O_T_R_E Voltorbe
0%
Aucun quiz correspondant
Distribution des résultats
% des personnes avec chaque résultat
Percentile par nombre de réponses
Votre historique - résultats
Vous n’avez pas pris ce quiz